Normal view
MARC view
- Rubini A. & Corbet J
Entry Personal Name
001 - CONTROL NUMBER
- control field: 187308
003 - CONTROL NUMBER IDENTIFIER
- control field: OSt
005 - DATE AND TIME OF LATEST TRANSACTION
- control field: 20230714210426.0
008 - FIXED-LENGTH DATA ELEMENTS
- fixed length control field: 230714|| aca||aabn | a|a d
040 ## - CATALOGING SOURCE
- Original cataloging agency: OSt
- Transcribing agency: OSt
100 ## - HEADING--PERSONAL NAME
- Personal name: Rubini A. & Corbet J
670 ## - SOURCE DATA FOUND
- Source citation: Work cat.: (OSt)178004: Rubini A. 150906, Linux Device Drivers, 2001